[Event "4th EUR-ch"]
[Site "Istanbul TUR"]
[Date "2003.06.08"]
[Round "9.38"]
[White "Tiviakov, Sergei"]
[Black "Kurnosov, Igor"]
[Result "1-0"]
[WhiteElo "2623"]
[BlackElo "2500"]
[EventDate "2003.05.30"]
[PlyCount "91"]

1.e4 c5 2.Nc3 e6 3.f4 d5 4.Nf3 dxe4 5.Nxe4 Nd7 6.g3 Ngf6 7.Nxf6+ Nxf6 8.
Bg2 Be7 9.b3 O-O 10.Bb2 Bd7 11.Ne5 Qc7 12.Qf3 Rab8 13.O-O Bb5 14.c4 Ba6 
15.f5 exf5 16.Qxf5 Rbd8 17.Rf2 Rd6 18.g4 h6 19.h4 b6 20.Raf1 Bc8 21.Qf4 
Be6 22.g5 hxg5 23.hxg5 Nh7 24.Nf3 Qd8 25.Qe5 f6 26.Qe4 Re8 27.Bc3 Qd7 28.
g6 Nf8 29.Nh4 Bd8 30.Re2 Re7 31.Qf3 Rd3 32.Qh5 Bc7 33.Nf5 Bxf5 34.Rxe7 
Qxe7 35.Qxf5 Rg3 36.Kf2 Nd7 37.Qd5+ Kf8 38.Rh1 Rxg2+ 39.Qxg2 Qe6 40.Qd5 
Qxd5 41.cxd5 Bf4 42.Kf3 Bg5 43.Ke4 Ke7 44.Rh7 Bh6 45.Kf5 b5 46.d6+ 1-0

[Event "4th EUR-ch"]
[Site "Istanbul TUR"]
[Date "2003.06.08"]
[Round "9.40"]
[White "Erenburg, Sergey"]
[Black "Kozul, Zdenko"]
[Result "0-1"]
[WhiteElo "2499"]
[BlackElo "2601"]
[EventDate "2003.05.30"]
[PlyCount "57"]

1.e4 c5 2.Nf3 Nc6 3.c3 Nf6 4.e5 Nd5 5.d4 cxd4 6.Bc4 e6 7.cxd4 d6 8.O-O Be7
9.Qe2 O-O 10.Qe4 a6 11.Re1 Qc7 12.Bd3 f5 13.exf6 Nxf6 14.Qe2 d5 15.h3 Nb4 
16.Nc3 Nxd3 17.Qxd3 Bd6 18.Bd2 Bd7 19.Rac1 Qb6 20.Ne5 Be8 21.b3 Nd7 22.
Nxd7 Bxd7 23.Na4 Bxa4 24.bxa4 Rae8 25.Rb1 Qc7 26.Re2 Rf7 27.Rbe1 Rd7 28.
Qb3 h6 29.a5 0-1

[Event "4th EUR-ch"]
[Site "Istanbul TUR"]
[Date "2003.06.08"]
[Round "9.41"]
[White "Mastrovasilis, Athanasios"]
[Black "Andersson, Ulf"]
[Result "1/2-1/2"]
[WhiteElo "2487"]
[BlackElo "2594"]
[EventDate "2003.05.30"]
[PlyCount "37"]

1.d4 Nf6 2.c4 e6 3.g3 Bb4+ 4.Bd2 Bxd2+ 5.Qxd2 O-O 6.Nf3 d5 7.Bg2 Nbd7 8.
O-O c6 9.Qc2 b6 10.Nbd2 Bb7 11.e4 dxe4 12.Nxe4 c5 13.Nxf6+ Nxf6 14.Rad1 
Qc7 15.Qe2 Rac8 16.b3 Rfd8 17.Qe3 Ng4 18.Qg5 Nf6 19.Qe3 1/2-1/2

[Event "4th EUR-ch"]
[Site "Istanbul TUR"]
[Date "2003.06.08"]
[Round "9.42"]
[White "Kupreichik, Viktor"]
[Black "Kacheishvili, Giorgi"]
[Result "0-1"]
[WhiteElo "2484"]
[BlackElo "2592"]
[EventDate "2003.05.30"]
[PlyCount "102"]

1.e4 c5 2.Nf3 d6 3.d4 cxd4 4.Nxd4 Nf6 5.Nc3 Nc6 6.Bc4 e6 7.Be3 a6 8.Qe2 
Qc7 9.O-O-O Na5 10.Bd3 b5 11.Bg5 b4 12.Nb1 Be7 13.Nd2 Bb7 14.f4 Nc6 15.
Nxc6 Bxc6 16.Kb1 O-O 17.Rhf1 a5 18.Rf3 h6 19.Bxh6 gxh6 20.Rh3 Rfd8 21.e5 
dxe5 22.fxe5 Kf8 23.exf6 Bxf6 24.Rxh6 Qf4 25.Qh5 Rd5 26.Qh3 Bg7 27.Rxe6 
Qd4 28.c3 bxc3 29.Rxc6 Qxd3+ 30.Qxd3 Rxd3 31.bxc3 Rad8 32.Kc2 R3d5 33.Rc4 
Rd3 34.a3 a4 35.g3 Re3 36.Ne4 Re2+ 37.Rd2 Rdxd2+ 38.Nxd2 Bh6 39.Rd4 Rxh2 
40.c4 Rg2 41.g4 Be3 42.Rd3 Bc5 43.Rd5 Bxa3 44.c5 Bb4 45.Rd4 Bxd2 46.Rxd2 
Rxd2+ 47.Kxd2 Ke7 48.Kc3 Kd7 49.Kb4 Kc6 50.g5 a3 51.Kxa3 Kxc5 0-1

[Event "4th EUR-ch"]
[Site "Istanbul TUR"]
[Date "2003.06.08"]
[Round "9.43"]
[White "Olafsson, Helgi"]
[Black "Avrukh, Boris"]
[Result "1/2-1/2"]
[WhiteElo "2473"]
[BlackElo "2586"]
[EventDate "2003.05.30"]
[PlyCount "60"]

1.d4 Nf6 2.c4 g6 3.Nf3 Bg7 4.g3 O-O 5.Bg2 d6 6.Nc3 Nc6 7.O-O a6 8.d5 Na5 
9.b3 c5 10.dxc6 bxc6 11.Bg5 c5 12.Qd2 Bb7 13.Rac1 Re8 14.Rfd1 Nc6 15.Ne1 
Rb8 16.Nd3 Nd4 17.Bxb7 Rxb7 18.Ne1 Nd7 19.Nc2 Qc8 20.Nd5 Nc6 21.Bh6 Bb2 
22.Rb1 Bh8 23.Bf4 Nde5 24.Kg2 Qa8 25.f3 Qb8 26.Rbc1 Nd7 27.h4 h5 28.Rh1 
Nde5 29.Rhd1 Qc8 30.Na3 Nd4 1/2-1/2

[Event "4th EUR-ch"]
[Site "Istanbul TUR"]
[Date "2003.06.08"]
[Round "9.44"]
[White "Kritz, Leonid"]
[Black "Hracek, Zbynek"]
[Result "1/2-1/2"]
[WhiteElo "2468"]
[BlackElo "2584"]
[EventDate "2003.05.30"]
[PlyCount "46"]

1.e4 c5 2.Nf3 d6 3.d4 cxd4 4.Nxd4 Nf6 5.Nc3 a6 6.Be3 e5 7.Nb3 Be6 8.f3 
Nbd7 9.g4 Nb6 10.g5 Nh5 11.Qd2 Rc8 12.Qf2 Nc4 13.Bxc4 Bxc4 14.O-O-O Be7 
15.h4 O-O 16.Nd5 Bxd5 17.Rxd5 Qc7 18.Qg2 g6 19.Kb1 b5 20.Rc1 f5 21.gxf6 
Nxf6 22.Rd3 Rf7 23.f4 Qb7 1/2-1/2

[Event "4th EUR-ch"]
[Site "Istanbul TUR"]
[Date "2003.06.08"]
[Round "9.47"]
[White "Areschenko, Alexander"]
[Black "Bacrot, Etienne"]
[Result "0-1"]
[WhiteElo "2546"]
[BlackElo "2654"]
[EventDate "2003.05.30"]
[PlyCount "40"]

1.e4 e5 2.Nf3 Nc6 3.d4 exd4 4.Nxd4 Bb4+ 5.c3 Bc5 6.Be3 Bb6 7.Bd3 d6 8.Nd2 
Nf6 9.h3 O-O 10.O-O h6 11.g4 Re8 12.f3 Ne7 13.Re1 Ng6 14.Bf2 Bd7 15.Nc4 
Bxd4 16.cxd4 d5 17.exd5 Bb5 18.Rxe8+ Nxe8 19.a4 Bxa4 20.Ne5 Nf8 0-1

[Event "4th EUR-ch"]
[Site "Istanbul TUR"]
[Date "2003.06.08"]
[Round "9.48"]
[White "Sturua, Zurab"]
[Black "Pelletier, Yannick"]
[Result "1/2-1/2"]
[WhiteElo "2545"]
[BlackElo "2623"]
[EventDate "2003.05.30"]
[PlyCount "72"]

1.c4 Nf6 2.Nc3 e5 3.g3 d5 4.cxd5 Nxd5 5.Bg2 Nb6 6.d3 Be7 7.a3 O-O 8.Nf3 
Nc6 9.b4 Be6 10.O-O a5 11.b5 Nd4 12.Bb2 f6 13.Nd2 a4 14.Bxb7 Ra5 15.e3 
Nxb5 16.Qc2 Nd6 17.Bg2 Qd7 18.Rfc1 Rc5 19.Qd1 Rd8 20.Ne2 Rxc1 21.Qxc1 c5 
22.Bc3 Nd5 23.Ba5 Rc8 24.Nc4 Qa7 25.Rb1 Rb8 26.Rxb8+ Qxb8 27.Qb2 Qb3 28.
Qxb3 axb3 29.Nb2 Nc8 30.a4 Ndb6 31.Nc3 c4 32.Bxb6 Bb4 33.a5 Bxc3 34.Na4 
Bb4 35.dxc4 Bxc4 36.Nb2 Be6 1/2-1/2

[Event "4th EUR-ch"]
[Site "Istanbul TUR"]
[Date "2003.06.08"]
[Round "9.49"]
[White "Svetuschin, Dumitru"]
[Black "Krasenkow, Michal"]
[Result "1-0"]
[WhiteElo "2543"]
[BlackElo "2609"]
[EventDate "2003.05.30"]
[PlyCount "99"]

1.d4 d5 2.c4 e6 3.Nf3 c6 4.Nc3 dxc4 5.e3 b5 6.a4 Bb4 7.Bd2 a5 8.axb5 Bxc3 
9.Bxc3 cxb5 10.b3 Bb7 11.bxc4 b4 12.Bb2 Nf6 13.Bd3 O-O 14.O-O Nbd7 15.Re1 
Ne4 16.c5 Qc7 17.Bb5 Bc6 18.Ba4 Ra6 19.Qc2 Rfa8 20.Rec1 Bxa4 21.Qxa4 Ndf6 
22.Ne5 Nd5 23.Qc2 Nec3 24.Re1 f5 25.f3 a4 26.e4 fxe4 27.fxe4 Nf6 28.Bxc3 
bxc3 29.Qxc3 a3 30.Ra2 Ra4 31.Nc4 R8a6 32.Qd3 Nd7 33.e5 Qc6 34.Ne3 Ra8 35.
Rea1 Rd8 36.Qc3 Nb6 37.Qb3 Nd5 38.Nxd5 Rxd5 39.Qb8+ Kf7 40.Rf2+ Kg6 41.
Qb1+ Kh6 42.Qc1+ Kg6 43.Qc2+ Kh6 44.Qd2+ Kg6 45.Qd3+ Kh6 46.Qe3+ Kg6 47.
Qe4+ Kh6 48.Qh4+ Kg6 49.Qg4+ Kh6 50.Rf3 1-0

[Event "4th EUR-ch"]
[Site "Istanbul TUR"]
[Date "2003.06.08"]
[Round "9.51"]
[White "Halkias, Stelios"]
[Black "Korneev, Oleg"]
[Result "1-0"]
[WhiteElo "2542"]
[BlackElo "2606"]
[EventDate "2003.05.30"]
[PlyCount "52"]

1.d4 d5 2.c4 e6 3.Nf3 Nf6 4.e3 Be7 5.Nbd2 O-O 6.b3 b6 7.Bd3 Bb7 8.O-O c5 
9.Bb2 cxd4 10.exd4 Nc6 11.Rc1 Rc8 12.Qe2 Qd6 13.a3 Qf4 14.Qe3 Qxe3 15.fxe3
Rfd8 16.Rf2 g6 17.b4 dxc4 18.Nxc4 Bf8 19.Rfc2 Bg7 20.b5 Ne7 21.Nce5 Nfd5 
22.g3 f6 23.Nc4 Bh6 24.a4 Nf5 25.e4 Bxc1 26.Rxc1 Nb4 1-0

[Event "4th EUR-ch"]
[Site "Istanbul TUR"]
[Date "2003.06.08"]
[Round "9.53"]
[White "Vajda, Levente"]
[Black "Gdanski, Jacek"]
[Result "0-1"]
[WhiteElo "2592"]
[BlackElo "2506"]
[EventDate "2003.05.30"]
[PlyCount "104"]

1.e4 e6 2.d4 d5 3.Nd2 c5 4.Ngf3 Nc6 5.exd5 exd5 6.Bb5 Bd6 7.dxc5 Bxc5 8.
O-O Ne7 9.Nb3 Bd6 10.Re1 O-O 11.Bg5 Bg4 12.Be2 h6 13.Bh4 Re8 14.c3 Qb6 15.
Nfd4 Bxe2 16.Rxe2 Nxd4 17.Nxd4 Nc6 18.Nf5 Bf8 19.Rd2 Re4 20.Bg3 Rae8 21.
Bd6 Ne7 22.Ng3 Re6 23.Bxe7 Bxe7 24.Qb3 Bg5 25.Qxb6 Rxb6 26.Rc2 Rb5 27.Kf1 
Re6 28.Ne2 Reb6 29.b4 Bf6 30.Rd1 Ra6 31.Rd3 Ra4 32.Nd4 Bxd4 33.Rxd4 a5 34.
Rb2 Ra3 35.Rc2 Ra4 36.Ke2 axb4 37.Kd3 Ra3 38.Rf4 g5 39.Rf6 Kg7 40.Rd6 bxc3
41.f4 Rb2 42.fxg5 hxg5 43.Rxd5 Rxc2 44.Kxc2 Rxa2+ 45.Kxc3 Rxg2 46.Rb5 Kg6 
47.Rb6+ f6 48.h4 gxh4 49.Rxb7 h3 50.Rb8 Rg5 51.Rb1 h2 52.Rh1 Rg2 0-1

[Event "4th EUR-ch"]
[Site "Istanbul TUR"]
[Date "2003.06.08"]
[Round "9.55"]
[White "Damljanovic, Branko"]
[Black "Shneider, Alexander"]
[Result "0-1"]
[WhiteElo "2587"]
[BlackElo "2497"]
[EventDate "2003.05.30"]
[PlyCount "77"]

1.e4 c5 2.Nc3 d6 3.f4 Nc6 4.Nf3 g6 5.Bc4 Bg7 6.O-O e6 7.Qe1 Nb4 8.Bb3 c4 
9.Ba4+ Bd7 10.Bxd7+ Qxd7 11.Qd1 Ne7 12.a3 Nbc6 13.d4 cxd3 14.Qxd3 O-O 15.
Bd2 Rad8 16.Rae1 e5 17.Kh1 exf4 18.Bxf4 Ne5 19.Qd2 Nc4 20.Qc1 Nxa3 21.Bh6 
Nc4 22.Rd1 Qc8 23.Bxg7 Kxg7 24.Nd4 f6 25.Nd5 Nc6 26.h3 Nxd4 27.Rxd4 Ne5 
28.c3 Qe6 29.Ne3 Nc6 30.Ra4 Rde8 31.Ng4 a6 32.Qh6+ Kh8 33.Raa1 Ne5 34.Ne3 
Nf7 35.Qh4 Ng5 36.Ng4 Nxe4 37.Rae1 f5 38.Rf4 Ng3+ 39.Kh2 0-1

[Event "4th EUR-ch"]
[Site "Istanbul TUR"]
[Date "2003.06.08"]
[Round "9.56"]
[White "Arlandi, Ennio"]
[Black "Markowski, Tomasz"]
[Result "0-1"]
[WhiteElo "2456"]
[BlackElo "2587"]
[EventDate "2003.05.30"]
[PlyCount "86"]

1.d4 d5 2.c4 dxc4 3.Nf3 Nf6 4.e3 e6 5.Bxc4 a6 6.O-O Nbd7 7.Bb3 b5 8.a4 b4 
9.Nbd2 Bb7 10.Re1 Be7 11.e4 O-O 12.e5 Nd5 13.Nc4 c5 14.Qd3 Rc8 15.Bc2 g6 
16.Bh6 Re8 17.Nfd2 N5b6 18.Nxb6 Nxb6 19.a5 Nd7 20.Ba4 Qc7 21.Qh3 cxd4 22.
Nb3 Red8 23.Rac1 Qb8 24.Rxc8 Qxc8 25.Rc1 Qb8 26.Bxd7 Rxd7 27.Nc5 Rc7 28.
Nxb7 Rxc1+ 29.Bxc1 Qxb7 30.Qd3 Qc7 31.Bh6 Qxa5 32.g3 Qxe5 33.Qxa6 Qb8 34.
Kf1 Bf8 35.Bd2 h5 36.Qc4 Qd6 37.Ke2 Qe5+ 38.Kd1 d3 39.Qxd3 Qxb2 40.Qd8 
Qb1+ 41.Ke2 Qe4+ 42.Kf1 Qc4+ 43.Ke1 b3 0-1

[Event "4th EUR-ch"]
[Site "Istanbul TUR"]
[Date "2003.06.08"]
[Round "9.57"]
[White "Roiz, Michael"]
[Black "Burmakin, Vladimir"]
[Result "1/2-1/2"]
[WhiteElo "2529"]
[BlackElo "2569"]
[EventDate "2003.05.30"]
[PlyCount "48"]

1.e4 c6 2.d4 d5 3.e5 Bf5 4.Nf3 e6 5.Be2 Bg6 6.O-O Nd7 7.Nbd2 Nh6 8.c4 Nf5 
9.b3 f6 10.cxd5 cxd5 11.exf6 Qxf6 12.Bb2 Bd6 13.Ne5 O-O-O 14.Ndf3 Kb8 15.
Bb5 Be8 16.Qe2 Qe7 17.Bxd7 Bxd7 18.Bc1 Qe8 19.a4 h6 20.Re1 Bc8 21.Ba3 g5 
22.Bxd6+ Rxd6 23.Rac1 Rg8 24.Qc2 Rd8 1/2-1/2

[Event "4th EUR-ch"]
[Site "Istanbul TUR"]
[Date "2003.06.08"]
[Round "9.58"]
[White "Nevednichy, Vladislav"]
[Black "Hug, Werner"]
[Result "1-0"]
[WhiteElo "2569"]
[BlackElo "2453"]
[EventDate "2003.05.30"]
[PlyCount "41"]

1.e4 e6 2.d4 d5 3.Nd2 c5 4.exd5 Qxd5 5.Ngf3 cxd4 6.Bc4 Qd6 7.O-O Nf6 8.Re1
Nc6 9.Ne4 Qd8 10.Bb5 Be7 11.Nxd4 Bd7 12.Nf3 O-O 13.c3 Qc7 14.Qe2 Nd5 15.g3
Rfe8 16.Bd3 f5 17.Neg5 Bf6 18.a3 h6 19.h4 g6 20.Nh3 Bg7 21.Bc4 1-0

[Event "4th EUR-ch"]
[Site "Istanbul TUR"]
[Date "2003.06.08"]
[Round "9.60"]
[White "Atalik, Suat"]
[Black "Dizdarevic, Emir"]
[Result "1-0"]
[WhiteElo "2568"]
[BlackElo "2491"]
[EventDate "2003.05.30"]
[PlyCount "60"]

1.d4 e6 2.c4 Bb4+ 3.Bd2 Qe7 4.g3 Bxd2+ 5.Qxd2 Nf6 6.Bg2 d6 7.Nc3 O-O 8.Nf3
c5 9.dxc5 dxc5 10.Ne5 Nfd7 11.Nxd7 Nxd7 12.O-O Nf6 13.Rfd1 e5 14.Qe3 Ng4 
15.Nd5 Qd6 16.Qa3 a5 17.h3 Nh6 18.g4 Kh8 19.Ne3 Qe7 20.Nd5 Qd6 21.Nf4 Qe7 
22.Nd3 f5 23.gxf5 Bxf5 24.Nxc5 Rac8 25.Nxb7 Qxa3 26.bxa3 Rxc4 27.Rac1 Rh4 
28.Rc3 a4 29.Rd2 Nf7 30.Nc5 Ng5 1-0

[Event "4th EUR-ch"]
[Site "Istanbul TUR"]
[Date "2003.06.08"]
[Round "9.61"]
[White "Hulak, Krunoslav"]
[Black "Palo, Davor"]
[Result "1/2-1/2"]
[WhiteElo "2563"]
[BlackElo "2472"]
[EventDate "2003.05.30"]
[PlyCount "102"]

1.g3 d5 2.Bg2 Nf6 3.Nf3 c6 4.b3 Bg4 5.Bb2 Nbd7 6.O-O e6 7.d4 Be7 8.c4 O-O 
9.Nc3 Rb8 10.a3 Qb6 11.Nd2 Rfc8 12.h3 Bh5 13.Rc1 a5 14.g4 Bg6 15.e4 dxe4 
16.Ndxe4 Rd8 17.c5 Qc7 18.Qf3 Nxe4 19.Nxe4 Bxe4 20.Qxe4 Nf6 21.Qc2 Nd5 22.
Rfe1 Bg5 23.Rcd1 Bf4 24.Rd3 Qe7 25.Bxd5 Rxd5 26.Bc3 Bc7 27.Qd2 b6 28.b4 
axb4 29.axb4 Ra8 30.Ra1 Rxa1+ 31.Bxa1 h5 32.Qa2 Kh7 33.Qa8 bxc5 34.bxc5 
hxg4 35.Qxc6 Bf4 36.Qa8 Qh4 37.Qa3 Rg5 38.Kf1 g3 39.fxg3 Qxh3+ 40.Kf2 
Bxg3+ 41.Ke2 Qg2+ 42.Kd1 Rh5 43.Rd2 Rh1+ 44.Kc2 Qg1 45.Qd3+ f5 46.Bb2 Qb1+
47.Kb3 Qxd3+ 48.Rxd3 Rg1 49.c6 Bc7 50.d5 exd5 51.Rxd5 Rg3+ 1/2-1/2

[Event "4th EUR-ch"]
[Site "Istanbul TUR"]
[Date "2003.06.08"]
[Round "9.62"]
[White "Comas i Fabrego, Lluis"]
[Black "Schandorff, Lars"]
[Result "1-0"]
[WhiteElo "2490"]
[BlackElo "2563"]
[EventDate "2003.05.30"]
[PlyCount "69"]

1.d4 Nf6 2.c4 e6 3.Nc3 Bb4 4.e3 b6 5.Bd3 Bb7 6.Nf3 O-O 7.O-O d5 8.cxd5 
exd5 9.a3 Bd6 10.b4 Nbd7 11.Qb3 c6 12.e4 dxe4 13.Nxe4 Nxe4 14.Bxe4 h6 15.
Bb2 Nf6 16.Bc2 a5 17.Ne5 Nd5 18.Qf3 Qc7 19.b5 Rad8 20.bxc6 Bxc6 21.Rac1 
Bxe5 22.dxe5 Ne7 23.Qg3 Rd7 24.Bc3 Rdd8 25.Rfd1 Nd5 26.Bb2 Qe7 27.Rd4 Bb7 
28.Bb3 Nc7 29.e6 Nxe6 30.Rg4 Ng5 31.h4 Bc8 32.Qc3 Qf6 33.Qxf6 gxf6 34.Rg3 
Kh7 35.Bxf6 1-0

[Event "4th EUR-ch"]
[Site "Istanbul TUR"]
[Date "2003.06.08"]
[Round "9.63"]
[White "Zaja, Ivan"]
[Black "Nijboer, Friso"]
[Result "0-1"]
[WhiteElo "2417"]
[BlackElo "2562"]
[EventDate "2003.05.30"]
[PlyCount "86"]

1.d4 d6 2.c4 e5 3.Nc3 exd4 4.Qxd4 Nf6 5.g3 Nc6 6.Qd1 g6 7.Bg2 Bg7 8.Nh3 
O-O 9.O-O Re8 10.Nf4 Nd7 11.Bd2 Nc5 12.Rc1 a5 13.b3 Nb4 14.a3 Nc6 15.Be3 
Bf5 16.Nfd5 a4 17.Bxc5 dxc5 18.Nxa4 Qb8 19.e3 Ne5 20.Nxc5 Rxa3 21.Ne4 Qd8 
22.b4 Nd3 23.Rc2 Bxe4 24.Bxe4 Rxe4 25.Rd2 Nb2 26.Rxb2 Bxb2 27.Qc2 Re8 28.
Qxb2 Ra6 29.h4 Rd6 30.b5 c6 31.bxc6 bxc6 32.Nf4 Qf6 33.Qb6 h6 34.c5 Rd2 
35.Qb4 Qb2 36.Qa4 Qb5 37.Qa3 Red8 38.Qc1 Qb3 39.Qa1 Rd1 40.Qf6 Qc4 41.Rxd1
Rxd1+ 42.Kg2 Qe4+ 43.f3 Rd2+ 0-1

[Event "4th EUR-ch"]
[Site "Istanbul TUR"]
[Date "2003.06.08"]
[Round "9.66"]
[White "Atakisi, Umut"]
[Black "Dvoirys, Semen"]
[Result "0-1"]
[WhiteElo "2303"]
[BlackElo "2552"]
[EventDate "2003.05.30"]
[PlyCount "58"]

1.e4 c5 2.Nf3 d6 3.d4 cxd4 4.Nxd4 Nf6 5.Nc3 a6 6.Bg5 e6 7.f4 Qb6 8.Nb3 
Nbd7 9.Qf3 Qc7 10.O-O-O b5 11.a3 Bb7 12.Bd3 Be7 13.Rhe1 Nc5 14.Kb1 Rc8 15.
Qg3 Nxd3 16.cxd3 O-O 17.Rc1 Qb6 18.e5 Nh5 19.Qh4 Bxg5 20.Qxg5 b4 21.axb4 
Qxb4 22.Qxh5 Qxb3 23.Re3 dxe5 24.fxe5 Qb4 25.Rg3 Qf4 26.Rd1 Rxc3 27.bxc3 
Rb8 28.Kc2 Bc6 29.Ra1 Qf2+ 0-1

[Event "4th EUR-ch"]
[Site "Istanbul TUR"]
[Date "2003.06.08"]
[Round "9.67"]
[White "Potkin, Vladimir"]
[Black "Fridmans, Daniels"]
[Result "1/2-1/2"]
[WhiteElo "2522"]
[BlackElo "2621"]
[EventDate "2003.05.30"]
[PlyCount "51"]

1.e4 d6 2.d4 Nf6 3.Nc3 g6 4.Nf3 Bg7 5.Be2 O-O 6.O-O Bg4 7.Be3 Nc6 8.h3 
Bxf3 9.Bxf3 Re8 10.Be2 e5 11.dxe5 Rxe5 12.Bf3 Re8 13.g3 Rb8 14.Bg2 a6 15.
Qd2 b5 16.Bg5 b4 17.Nd5 h6 18.Nxf6+ Bxf6 19.Bxf6 Qxf6 20.b3 Qg5 21.Rfd1 
Qxd2 22.Rxd2 Re5 23.a4 bxa3 24.Rxa3 Rc5 25.Rxa6 Nb4 26.Ra7 1/2-1/2

[Event "4th EUR-ch"]
[Site "Istanbul TUR"]
[Date "2003.06.08"]
[Round "9.68"]
[White "Istratescu, Andrei"]
[Black "Georgiev, Krum"]
[Result "1-0"]
[WhiteElo "2593"]
[BlackElo "2516"]
[EventDate "2003.05.30"]
[PlyCount "65"]

1.d4 Nf6 2.c4 g6 3.Nc3 Bg7 4.e4 d6 5.f3 O-O 6.Be3 a6 7.Nge2 c6 8.c5 a5 9.
cxd6 exd6 10.Qd2 Re8 11.g4 Qe7 12.Ng3 Nd5 13.Bh6 Nxc3 14.bxc3 d5 15.Be2 
dxe4 16.fxe4 c5 17.Bxg7 Kxg7 18.O-O Nc6 19.Rf2 cxd4 20.cxd4 Rd8 21.d5 Ne5 
22.Raf1 Kg8 23.Kg2 Rd6 24.g5 Bd7 25.h4 b5 26.h5 b4 27.Rf6 Re8 28.R1f4 a4 
29.Rh4 b3 30.axb3 axb3 31.Rh1 b2 32.hxg6 fxg6 33.Rxd6 1-0

[Event "4th EUR-ch"]
[Site "Istanbul TUR"]
[Date "2003.06.08"]
[Round "9.69"]
[White "Reinderman, Dimitri"]
[Black "Socko, Bartosz"]
[Result "1-0"]
[WhiteElo "2516"]
[BlackElo "2577"]
[EventDate "2003.05.30"]
[PlyCount "167"]

1.c4 Nf6 2.Nc3 g6 3.e4 d6 4.d4 Bg7 5.Nf3 O-O 6.Be2 e5 7.O-O Nc6 8.d5 Ne7 
9.Ne1 Nd7 10.Be3 f5 11.f3 f4 12.Bf2 g5 13.a4 a6 14.a5 Rf6 15.Nd3 Rh6 16.
Be1 Kh8 17.b4 Ng8 18.Rc1 Bf8 19.Na4 Ndf6 20.Nf2 Rg6 21.b5 Nh6 22.h3 Nd7 
23.Bb4 Nf7 24.bxa6 b6 25.axb6 cxb6 26.Nc3 Nc5 27.Bxc5 bxc5 28.Ra1 Rxa6 29.
Rxa6 Bxa6 30.Qa4 Bc8 31.Rb1 Nh6 32.Rb8 Ng8 33.Qa8 Ne7 34.Nb5 Rg8 35.Na7 
Bg7 36.Nc6 Nxc6 37.dxc6 Bf6 38.Nd1 g4 39.fxg4 Bh4 40.Kf1 h5 41.Bf3 Qf8 42.
gxh5 Kh7 43.Ke2 Qf7 44.Kd3 Ba6 45.Qxa6 Rxb8 46.Nc3 Bd8 47.Nd5 Kh6 48.Kc2 
Qg7 49.Bg4 Kg5 50.c7 Bxc7 51.Qc6 Bd8 52.Qxd6 Qb7 53.Qxe5+ Kh4 54.Nc3 Qb2+ 
55.Kd3 Ba5 56.Qf6+ Kg3 57.Ne2+ Kf2 58.Qxf4+ Ke1 59.Qg3+ Kf1 60.Qf4+ Ke1 
61.Qc1+ Qxc1 62.Nxc1 Bd2 63.Kc2 Be3 64.Nd3+ Kf1 65.Bf3 Bd4 66.e5 Kg1 67.e6
Re8 68.Bd5 Kh2 69.Nc1 Be5 70.Kd3 Kg3 71.Ke4 Bd6 72.Kf5 Kh4 73.Bf3 Be7 74.
Ne2 Rf8+ 75.Ke5 Rd8 76.Nc3 Bd6+ 77.Kf6 Rf8+ 78.Kg6 Rg8+ 79.Kf7 Rf8+ 80.Kg7
Re8 81.Bg4 Be5+ 82.Kf7 Ra8 83.Nd5 Bd6 84.e7 1-0

[Event "4th EUR-ch"]
[Site "Istanbul TUR"]
[Date "2003.06.08"]
[Round "9.70"]
[White "Ivanisevic, Ivan"]
[Black "Arizmendi Martinez, Julen Luis"]
[Result "1/2-1/2"]
[WhiteElo "2569"]
[BlackElo "2516"]
[EventDate "2003.05.30"]
[PlyCount "42"]

1.d4 Nf6 2.c4 g6 3.Nc3 Bg7 4.e4 d6 5.Nf3 O-O 6.Be2 Na6 7.O-O e5 8.Be3 Ng4 
9.Bg5 Qe8 10.h3 f6 11.Bc1 Nh6 12.Rb1 Nf7 13.dxe5 Nxe5 14.Nd4 Nc6 15.Ndb5 
f5 16.exf5 Bxf5 17.Ra1 Qf7 18.Be3 Nab4 19.Rc1 a6 20.Nd4 Bxd4 21.Bxd4 Nc2 
1/2-1/2

[Event "4th EUR-ch"]
[Site "Istanbul TUR"]
[Date "2003.06.08"]
[Round "9.71"]
[White "Vesterbaek Pedersen, Nicolai"]
[Black "Izoria, Zviad"]
[Result "1/2-1/2"]
[WhiteElo "2508"]
[BlackElo "2569"]
[EventDate "2003.05.30"]
[PlyCount "58"]

1.d4 d6 2.e4 Nf6 3.Nc3 g6 4.f4 Bg7 5.Nf3 O-O 6.Bd3 Na6 7.O-O c5 8.d5 Rb8 
9.Bc4 Nc7 10.a4 b6 11.e5 Nfe8 12.Qe2 a6 13.Rd1 Bg4 14.h3 Bxf3 15.gxf3 Qd7 
16.Qh2 Qf5 17.Bd3 Qh5 18.Re1 b5 19.Bd2 c4 20.Bf1 Qf5 21.axb5 axb5 22.Re4 
Qc8 23.h4 f5 24.Rd4 e6 25.dxe6 Nxe6 26.Rd5 N6c7 27.Rd4 Ne6 28.Rd5 N6c7 29.
Rd4 Ne6 1/2-1/2

[Event "4th EUR-ch"]
[Site "Istanbul TUR"]
[Date "2003.06.08"]
[Round "9.72"]
[White "Pogorelov, Ruslan"]
[Black "Jobava, Baadur"]
[Result "1/2-1/2"]
[WhiteElo "2489"]
[BlackElo "2566"]
[EventDate "2003.05.30"]
[PlyCount "86"]

1.Nf3 Nf6 2.c4 e6 3.Nc3 Bb4 4.Qc2 O-O 5.a3 Bxc3 6.Qxc3 b6 7.b4 d6 8.g3 Bb7
9.Bg2 Nbd7 10.O-O c5 11.Bb2 Rc8 12.d3 Re8 13.Qd2 Nf8 14.bxc5 bxc5 15.Rab1 
N6d7 16.Qg5 Qxg5 17.Nxg5 Bxg2 18.Kxg2 f5 19.Bc3 Nb6 20.f4 d5 21.cxd5 exd5 
22.Be5 Nfd7 23.Nf3 h6 24.Kf2 Kf7 25.Rb5 g5 26.d4 g4 27.Nh4 Ke6 28.Rc1 cxd4
29.Rxc8 Rxc8 30.Bxd4 Rc4 31.Bxb6 axb6 32.Ng2 Rc6 33.Ne1 Rc3 34.a4 Kd6 35.
Nd3 Ra3 36.Ne5 Nc5 37.Rxb6+ Ke7 38.Nd3 Ne4+ 39.Ke3 Rxa4 40.Nb4 Nd6 41.
Nxd5+ Kd7 42.Rb4 Ra3+ 43.Kd4 Kc6 1/2-1/2

[Event "4th EUR-ch"]
[Site "Istanbul TUR"]
[Date "2003.06.08"]
[Round "9.74"]
[White "Stevic, Hrvoje"]
[Black "Solak, Dragan"]
[Result "1/2-1/2"]
[WhiteElo "2550"]
[BlackElo "2514"]
[EventDate "2003.05.30"]
[PlyCount "77"]

1.e4 c5 2.c3 g6 3.d4 cxd4 4.cxd4 d5 5.exd5 Nf6 6.Bb5+ Nbd7 7.Nc3 Bg7 8.d6 
O-O 9.dxe7 Qxe7+ 10.Nge2 h6 11.Bd3 b5 12.a3 Nb6 13.O-O Bb7 14.Bf4 Nfd5 15.
Bg3 h5 16.h3 h4 17.Bh2 Rfe8 18.Re1 Nxc3 19.bxc3 Qg5 20.Nf4 Bf8 21.Bf1 Rac8
22.Rxe8 Rxe8 23.Nd3 Nd5 24.Qb3 Rc8 25.Nc5 Bxc5 26.dxc5 Nf4 27.Bxf4 Qxf4 
28.Qb4 Qg5 29.c4 Rxc5 30.cxb5 Rxb5 31.Qd6 Rb2 32.Qd4 Rd2 33.Qb4 Bd5 34.Re1
Kh7 35.a4 Ra2 36.Qd4 Rd2 37.Qb4 Ra2 38.Qd4 Rd2 39.Qb4 1/2-1/2

[Event "4th EUR-ch"]
[Site "Istanbul TUR"]
[Date "2003.06.08"]
[Round "9.75"]
[White "Jaracz, Pawel"]
[Black "De Vreugt, Dennis"]
[Result "0-1"]
[WhiteElo "2549"]
[BlackElo "2503"]
[EventDate "2003.05.30"]
[PlyCount "104"]

1.e4 e5 2.Nf3 Nc6 3.Bb5 a6 4.Ba4 Nf6 5.O-O Be7 6.Re1 b5 7.Bb3 O-O 8.a4 Bb7
9.d3 Re8 10.Bd2 Bc5 11.Na3 b4 12.Nc4 h6 13.a5 d6 14.Ne3 Ne7 15.Nh4 Bc8 16.
Qf3 Be6 17.Ba4 Rf8 18.Nhf5 Nxf5 19.Nxf5 Kh7 20.Rad1 Ng8 21.c3 bxc3 22.Bxc3
Bxf5 23.Qxf5+ g6 24.Qh3 Rb8 25.Re2 f5 26.exf5 Rxf5 27.Bc6 Qf6 28.Rf1 Rf8 
29.Be1 Rh5 30.Qf3 Qg7 31.Qg4 Rhf5 32.g3 Bd4 33.Bc3 Nf6 34.Qh3 Bxc3 35.bxc3
d5 36.Qg2 Qf7 37.Ba4 Qe7 38.c4 Qa3 39.Bc2 c6 40.h3 h5 41.g4 hxg4 42.hxg4 
Rf4 43.f3 Nxg4 44.Rb1 Qc5+ 45.Kh1 Rh8 46.d4 Kg7+ 47.Kg1 Qxd4+ 48.Kf1 e4 
49.Rb7+ Kf6 50.Rd2 Ne3+ 51.Kg1 Qa1+ 52.Rd1 Nxd1 0-1

[Event "4th EUR-ch"]
[Site "Istanbul TUR"]
[Date "2003.06.08"]
[Round "9.76"]
[White "David, Alberto"]
[Black "Marcelin, Cyril"]
[Result "1/2-1/2"]
[WhiteElo "2548"]
[BlackElo "2503"]
[EventDate "2003.05.30"]
[PlyCount "49"]

1.d4 Nf6 2.c4 e6 3.Nc3 d5 4.cxd5 Nxd5 5.e4 Nxc3 6.bxc3 c5 7.Nf3 cxd4 8.
cxd4 Bb4+ 9.Bd2 Bxd2+ 10.Qxd2 O-O 11.Bc4 Nd7 12.O-O b6 13.Rfe1 Bb7 14.Rad1
Rc8 15.Bb3 Qf6 16.Qe3 Rfd8 17.h3 h6 18.Kh2 Rc7 19.Kg1 Ba8 20.Rd2 Bb7 21.
Red1 Rcc8 22.Ba4 Nf8 23.Ne5 Ng6 24.Nxg6 Qxg6 25.f3 1/2-1/2

[Event "4th EUR-ch"]
[Site "Istanbul TUR"]
[Date "2003.06.08"]
[Round "9.77"]
[White "Volkmann, Friedrich"]
[Black "Brynell, Stellan"]
[Result "1/2-1/2"]
[WhiteElo "2435"]
[BlackElo "2534"]
[EventDate "2003.05.30"]
[PlyCount "29"]

1.e4 e6 2.Nf3 d5 3.exd5 exd5 4.d4 Bd6 5.c4 dxc4 6.Bxc4 Nf6 7.O-O O-O 8.Bg5
Bg4 9.h3 Bh5 10.g4 Bg6 11.Ne5 c5 12.Nxg6 hxg6 13.dxc5 Bxc5 14.Qxd8 Rxd8 
15.Nc3 1/2-1/2

[Event "4th EUR-ch"]
[Site "Istanbul TUR"]
[Date "2003.06.08"]
[Round "9.78"]
[White "Guliev, Sarhan"]
[Black "Erdogdu, Mert"]
[Result "1/2-1/2"]
[WhiteElo "2524"]
[BlackElo "2303"]
[EventDate "2003.05.30"]
[PlyCount "126"]

1.d4 d5 2.c4 c6 3.Nf3 Nf6 4.Nc3 a6 5.cxd5 cxd5 6.Bg5 Ne4 7.Bh4 Qa5 8.e3 
Nc6 9.Qb3 Qb4 10.Bd3 Bf5 11.O-O e6 12.Qc2 Nxc3 13.Bxf5 Ne2+ 14.Qxe2 exf5 
15.Qc2 g6 16.Bf6 Rg8 17.Rac1 Be7 18.a3 Qd6 19.Bxe7 Kxe7 20.Qb3 Na5 21.Qc3 
Nc6 22.b4 Rgc8 23.Qb3 Rc7 24.Rc5 Rd8 25.Rfc1 b6 26.R5c3 Rdc8 27.g3 f6 28.
Kg2 Kd8 29.Ng1 Ne7 30.Ne2 Rc4 31.Kg1 b5 32.Qd1 R8c6 33.Qd3 Qc7 34.f3 Kd7 
35.Kf2 Nc8 36.Rxc4 Rxc4 37.Rxc4 Qxc4 38.Qxc4 dxc4 39.Nc3 Kc6 40.e4 Ne7 41.
Ke3 fxe4 42.Kxe4 Kd6 43.d5 Nf5 44.a4 bxa4 45.Nxa4 Ne7 46.Nc3 Nf5 47.g4 Nh4
48.h3 h6 49.f4 f5+ 50.Kd4 Ng2 51.gxf5 gxf5 52.b5 axb5 53.Nxb5+ Kd7 54.Ke5 
Ne3 55.Nc3 Ke7 56.Kd4 Ng2 57.Ne2 Kd6 58.Ng3 Nxf4 59.Nxf5+ Kd7 60.h4 c3 61.
Kxc3 Nxd5+ 62.Kd4 Ne7 63.Nxh6 Ng6 1/2-1/2